000 00856cam a2200265 i 4500
001 18834346
003 OSt
005 20260305201502.0
008 151027t20162016njua b 001 0 eng
020 _a9781119889441
020 _a9781119889458
_qePub
020 _a9781119889465
_qePdf
040 _aKABLIB
_beng
_cKABLIB
_erda
082 0 0 _a547
_223
_bSOL
100 1 _aSolomons, T. W. Graham,
_91983
245 1 0 _aOrganic chemistry /
_cT.W. Graham Solomons, Craig B. Fryhle, Scott A. Snyder
250 _a13th ed.
264 1 _aHoboken, NJ :
_bJohn Wiley & Sons, Inc.,
_cc2023
300 _axxx, 1143 p.
_bcol. ill
_c29 cm
504 _aIncludes bibliographical references, glossary, index.
650 0 _aChemistry, Organic
_vTextbooks.
_914742
700 1 _aFryhle, Craig B.,
_91984
700 1 _aSnyder, S. A.
_q(Scott A.),
_915047
942 _2ddc
_cBOOK
999 _c5967
_d5967